| 000 | 00535nam a2200181Ia 4500 | ||
|---|---|---|---|
| 008 | 230917s9999||||xx |||||||||||||| ||und|| | ||
| 020 | _cRS440 | ||
| 040 |
_e240409 _aMAIN |
||
| 041 | _aEnglish | ||
| 082 | _a345.06 A92P(22) | ||
| 100 | _aAvtar Singh | ||
| 245 | 0 | _aPrinciples of the law of evidence: A study of the Indian evidence act, 1872 | |
| 250 | _a22nd ed. | ||
| 260 |
_aAllahabad _bCentral Law Publications _c2016 |
||
| 300 | _alxviii, 619 p. | ||
| 500 | _a2722 29/05/2017 RBP17/66412 06/06/2017 Main Budget | ||
| 942 | _cBK | ||
| 999 |
_c22691 _d22691 |
||